LDR 00721naa#a2200169#i#450# 001 EN\INFRA-M\bibl\116423 005 20260416004411.4 011 ## _a2500-0527 100 ## _a20260226b2026####ek#y0engy0150####ca 102 ## _aRU 200 1# _aReview of the article by A.V. Tebekin and A.V. Khoreva on the topic "Comparison of the management postulates of Frederick Taylor and Chester Barnard through the prism of modern management problems" _eJournal article 210 1# _aMoscow _cINFRA-M Academic Publishing LLC. _d2026 215 ## _a8 с. 608 ## _aJournal article _2local 675 ## _aЭкономические науки в целом. Политическая экономия. 330 _z 700 #1 _aIgnat'eva _gA. V. 856 4# _anaukaru.ru _u